000 00757nam a2200289 a 4500
003 AR-BaBNM
005 20251128202830.0
008 082120s2002 ||||||||||||||000 | spa||
040 _cAR-BaBNM
100 1 _aCufré, Angela G. de
245 0 0 _aLa ciencia del folklore
_bel folklore argentino
260 _aBuenos Aires
_bBalmes
_c1949
300 _a125 p.
_bil., láms.
650 4 _aLITERATURA ARGENTINA
650 4 _aCUENTOS FOLKLORICOS
650 4 _aLEYENDAS
650 4 _aLITERATURA FOLKLORICA
650 4 _aSUPERSTICION
650 4 _aMAGIA
650 4 _aCULTURAS POPULARES
650 4 _aCOSTUMBRES Y TRADICIONES
650 4 _aMUSICA FOLKLORICA
653 _aGAUCHOS
653 _aLITERATURA GAUCHESCA
942 _cBK
998 _cisola
999 _c792
_d792